| 000 | 00357nam a2200145Ia 4500 | ||
|---|---|---|---|
| 008 | 150201s2008 xx 000 0 und d | ||
| 082 |
_a301 _bS08N |
||
| 100 | _aNEERAJA , K . P | ||
| 245 | _aTB. OF SOCIOLOGY FOR PHYSIOTHERAPY STUDENTS | ||
| 250 | _a18TH | ||
| 260 |
_bJAYPEE _aINDIA _c2008 |
||
| 300 | _a1-470 | ||
| 650 | _aSociology | ||
| 942 |
_2ddc _cBK _021 |
||
| 999 |
_c1444 _d1444 |
||